Language in culture and society: a reader in linguistics and anthropology
Saved in:
| Main Author: | |
|---|---|
| Format: | Book |
| Language: | Undetermined |
| Published: |
New York, Estados Unidos
Harper & Row
1964
|
| Subjects: | |
| Tags: |
Add Tag
No Tags, Be the first to tag this record!
|
MARC
| LEADER | 00000nam a2200000Ia 4500 | ||
|---|---|---|---|
| 008 | 170316s9999 xx 000 0 und d | ||
| 090 | |a 410 H-22L | ||
| 100 | |a Hymes, Dell | ||
| 245 | |a Language in culture and society: a reader in linguistics and anthropology | ||
| 260 | |a New York, Estados Unidos | ||
| 260 | |b Harper & Row | ||
| 260 | |c 1964 | ||
| 300 | |a 764 páginas | ||
| 650 | |a LINGÜÍSTICA | ||
| 999 | |c 18458 |d 18458 | ||
| 040 | |a cru BVZT | ||
| 942 | |c 15 D |h 410 H-22L |2 z | ||
